Obzor dejatel nosti SEV.mezdu 40 i 42 zasedanijami sessii soveta (Record no. 390)
[ view plain ]
| 000 -LEADER | |
|---|---|
| fixed length control field | 00535nam a22002057i 4500 |
| 001 - CONTROL NUMBER | |
| control field | 395 |
| 003 - CONTROL NUMBER IDENTIFIER | |
| control field | OSt |
| 005 - DATE AND TIME OF LATEST TRANSACTION | |
| control field | 20170126082242.0 |
| 007 - PHYSICAL DESCRIPTION FIXED FIELD--GENERAL INFORMATION | |
| fixed length control field | tu |
| 008 - FIXED-LENGTH DATA ELEMENTS--GENERAL INFORMATION | |
| fixed length control field | 161220s1986 xxu||||| |||| 00| 0 d |
| 024 7# - OTHER STANDARD IDENTIFIER | |
| Standard number or code | 394 |
| Source of number or code | RID |
| 040 ## - CATALOGING SOURCE | |
| Transcribing agency | OSt |
| 084 ## - OTHER CLASSIFICATION NUMBER | |
| Classification number | 11.45 |
| Number source | z |
| 110 2# - MAIN ENTRY--CORPORATE NAME | |
| Corporate name or jurisdiction name as entry element | SEV,Sekretariat |
| Relator term | Ed. |
| 242 00 - TRANSLATION OF TITLE BY CATALOGING AGENCY | |
| Title | Übersicht über die Tätigkeit des RGW zwischen 40. und 42.Sit |
| 245 00 - TITLE STATEMENT | |
| Title | Obzor dejatel nosti SEV.mezdu 40 i 42 zasedanijami sessii soveta |
| 260 ## - PUBLICATION, DISTRIBUTION, ETC. | |
| Place of publication, distribution, etc. | Moskva, |
| Date of publication, distribution, etc. | 1986. |
| 300 ## - PHYSICAL DESCRIPTION | |
| Extent | 44 S. ; |
| Dimensions | 30cm. |
| 651 ## - SUBJECT ADDED ENTRY--GEOGRAPHIC NAME | |
| Geographic name | Eastern Europe |
| 942 ## - ADDED ENTRY ELEMENTS (KOHA) | |
| Koha item type | Book |
| Withdrawn status | Lost status | Damaged status | Not for loan | Home library | Current library | Shelving location | Date acquired | Inventory number | Total Checkouts | Full call number | Barcode | Date last seen | Price effective from | Koha item type |
|---|---|---|---|---|---|---|---|---|---|---|---|---|---|---|
| WIIW | WIIW | Souterrain | 06/19/1992 | 395 | II-4.883 | 300393 | 01/26/2017 | 01/26/2017 | Book |
